Speaking personally : (Record no. 21840)

MARC details
000 -LEADER
fixed length control field 01419cam a22002775a 4500
001 - CONTROL NUMBER
control field 18054033
005 - DATE AND TIME OF LATEST TRANSACTION
control field 20160601121355.0
008 - FIXED-LENGTH DATA ELEMENTS--GENERAL INFORMATION
fixed length control field 140304s2013 enk frb 001 0 eng d
020 ## - INTERNATIONAL STANDARD BOOK NUMBER
International Standard Book Number 9780230360204
020 ## - INTERNATIONAL STANDARD BOOK NUMBER
International Standard Book Number 0230360203
040 ## - CATALOGING SOURCE
Original cataloging agency YDXCP
Transcribing agency YDXCP
Modifying agency BTCTA
-- BDX
-- UKMGB
-- LWU
-- OCLCO
-- NLE
-- NLGGC
-- STF
-- NKM
-- DLC
-- EG-ScBUE
Language of cataloging eng
082 04 - DEWEY DECIMAL CLASSIFICATION NUMBER
Classification number 070.4
Edition number 22
Item number COW
100 1# - MAIN ENTRY--PERSONAL NAME
Personal name Coward, Rosalind.
9 (RLIN) 40114
245 10 - TITLE STATEMENT
Title Speaking personally :
Remainder of title the rise of subjective and confessional journalism /
Statement of responsibility, etc by Rosalind Coward.
260 ## - PUBLICATION, DISTRIBUTION, ETC. (IMPRINT)
Place of publication, distribution, etc Houndmills ;
-- New York :
Name of publisher, distributor, etc Palgrave Macmillan,
Date of publication, distribution, etc 2013.
300 ## - PHYSICAL DESCRIPTION
Extent vi, 157 p. ;
Dimensions 22 cm.
490 0# - Series Statement
Series statement Journalism: reflections on practice.
500 ## - GENERAL NOTE
General note Index : p.148-157.
504 ## - BIBLIOGRAPHY, ETC. NOTE
Bibliography, etc Bibliography : p. 141-147.
505 0# - FORMATTED CONTENTS NOTE
Formatted contents note Machine generated contents note: 1.The Impersonal Voice and the Fallacies of Objectivity -- 2.Changing Places: Opinion Columns and Editorials -- 3.Gonzo and I: The New Journalism -- 4.Getting Closer: Feminisation, Featurisation and the Confessional Society -- 5.Confessional Journalism -- 6.Blogging and the Intimate Universality of Cyberspace.
520 ## - SUMMARY, ETC.
Summary, etc The personal voice is everywhere. Whether in comment writing, personal columns, confessional journalism or blogging, speaking personally is a dominant feature of contemporary journalism.
650 #7 - SUBJECT ADDED ENTRY--TOPICAL TERM
Topical term or geographic name as entry element Journalism.
Source of heading or term BUEsh
9 (RLIN) 37800
651 ## - SUBJECT ADDED ENTRY--GEOGRAPHIC NAME
Source of heading or term BUEsh
653 ## - INDEX TERM--UNCONTROLLED
Resource For college Communication and mass media
Arrived date list May2016
942 ## - ADDED ENTRY ELEMENTS (KOHA)
Source of classification or shelving scheme Dewey Decimal Classification
Holdings
Withdrawn status Item status Source of classification or shelving scheme Damaged status Not for loan Vendor Home library Current library Shelving location Date acquired Source of acquisition Cost, normal purchase price Total Checkouts Full call number Barcode Date last seen Cost, replacement price Koha item type
    Dewey Decimal Classification     Alahram Central Library Central Library Lower Floor 01/06/2016 Purchase 196.00   070.4 COW 000032622 15/07/2025 245.00 Book - Borrowing